000 00831nam a22002297a 4500
001 46983
003 BD-RjUL
005 20211209054236.0
008 160806s1980 bg ||||| |||| 00| 0 eng d
020 _c4.00
035 _a(BD-RjUL) 47102
040 _aBD-RjUL
_bben
_cBD-RjUL
041 _aben
082 _223
_a340.59
_bCHB 1980
100 _aছিফাতুল্লাহ্, মুহাম্মাদ
_9143118
245 _aবর্তমান বিশ্ব :ইসলামী আইন /
_cমুহাম্মাদ ছিফাতুল্লাহ্
260 _aঢাকা :
_bইসলামিক ফান্ডেশন,
_c১৯৮০
300 _a৫১ পৃ. ;
_c২৩ সেমি.
650 _aইসলামী আইন
_9143119
650 _aIslamic law.
_9143120
942 _2ddc
_cBK
999 _c46983
_d46983